[Event "Mecklenburg VP Verbandsliga 2223"]
[Site "Mecklenburg VP"]
[Date "2022.11.06"]
[Round "2.3"]
[White "Hodl, Ingolf"]
[Black "Celmer, Ole"]
[Result "1/2-1/2"]
[WhiteElo "1911"]
[BlackElo "1930"]
[PlyCount "95"]
[EventDate "2022.10.23"]
[EventType "team-tourn"]
[EventRounds "9"]
[EventCountry "GER"]
[SourceTitle "EXT 2024"]
[Source "ChessBase"]
[SourceDate "2023.10.10"]
[SourceVersion "1"]
[SourceVersionDate "2023.10.10"]
[SourceQuality "1"]
[WhiteTeam "Rostock SSC 07"]
[BlackTeam "Think Rochade"]
[WhiteTeamCountry "GER"]
[BlackTeamCountry "GER"]

1. g3 d5 2. Bg2 Nf6 3. Nf3 e6 4. 0-0 Be7 5. d3 0-0 6. Nbd2 c5 7. e4 Nc6 8. c3 Qc7 9. Re1 dxe4 10. dxe4 e5 11. Qc2 Bg4 12. Nf1 Rfd8 13. Bg5 h6 14. Bxf6 Bxf6 15. Ne3 Be6 16. Rad1 Qa5 17. Nd5 Rac8 18. a3 b5 19. Nd2 Ne7 20. Nf1 Nc6 21. Nfe3 Be7 22. Qe2 Bf8 23. f4 exf4 24. gxf4 Qa6 25. Bf1 c4 26. f5 Bxd5 27. Nxd5 Ne5 28. Qh5 Rd6 29. Be2 Re8 30. Kh1 Qb7 31. Rg1 g6 32. f6 Kh7 33. Qh4 Nd3 34. Bxd3 cxd3 35. Rxd3 Re5 36. Qf4 Rh5 37. Rgd1 Rc6 38. Qf3 Qb8 39. R1d2 Qe5 40. Nf4 Rxf6 41. Rf2 Rh4 42. Nxg6 Rxf3 43. Nxf8+ Kg7 44. Rdxf3 Kxf8 45. Rxf7+ Kg8 46. R7f3 Rxe4 47. Rg2+ Kh7 48. Rf7+ 1/2-1/2

[Event "Mecklenburg VP Verbandsliga 2122"]
[Site "Mecklenburg VP"]
[Date "2022.04.24"]
[Round "5.5"]
[White "Rabinowitsch, Juri"]
[Black "Hodl, Ingolf"]
[Result "0-1"]
[WhiteElo "1910"]
[BlackElo "1911"]
[PlyCount "80"]
[EventDate "2021.10.24"]
[EventType "team-tourn"]
[EventRounds "9"]
[EventCountry "GER"]
[SourceTitle "EXT 2024"]
[Source "ChessBase"]
[SourceDate "2023.10.10"]
[SourceVersion "1"]
[SourceVersionDate "2023.10.10"]
[SourceQuality "1"]
[WhiteTeam "Schwerin SF II"]
[BlackTeam "Rostock SSC 07"]
[WhiteTeamCountry "GER"]
[BlackTeamCountry "GER"]

1. e4 Nf6 2. e5 Nd5 3. d4 d6 4. c4 Nb6 5. Nf3 g6 6. Nc3 Bg7 7. exd6 cxd6 8. Be2 Nc6 9. 0-0 Bg4 10. Be3 0-0 11. Qd3 e5 12. d5 Nb4 13. Bxb6 Qxb6 14. Qd2 a5 15. h3 Bf5 16. Nh4 Bd7 17. Rab1 Qd8 18. Nf3 Bf5 19. Rbc1 Re8 20. a3 Na6 21. Rcd1 Nc5 22. Qe3 a4 23. Nb5 Bc2 24. Rd2 Bb3 25. g4 f5 26. gxf5 gxf5 27. Qg5 Ne4 28. Qxf5 Nxd2 29. Nxd2 e4 30. Bh5 Re5 31. Qf7+ Kh8 32. Bg4 h5 33. Nxb3 hxg4 34. N3d4 gxh3 35. Kh1 Qf8 36. Qd7 e3 37. Qxh3+ Kg8 38. f4 e2 39. Ne6 Qf5 40. Qg2 Qh5+ 0-1

[Event "Mecklenburg VP Landesliga Ost 1920"]
[Site "Mecklenburg VP"]
[Date "2019.09.29"]
[Round "1.5"]
[White "Klotzsche, Stefan"]
[Black "Hodl, Ingolf"]
[Result "0-1"]
[WhiteElo "1624"]
[BlackElo "1920"]
[PlyCount "94"]
[EventDate "2019.09.29"]
[EventType "team-tourn"]
[EventRounds "9"]
[EventCountry "GER"]
[SourceTitle "EXT 2023"]
[Source "ChessBase"]
[SourceDate "2022.10.05"]
[SourceVersion "1"]
[SourceVersionDate "2022.10.05"]
[SourceQuality "1"]
[WhiteTeam "Wolgast Motor"]
[BlackTeam "Rostock SSC 07"]
[WhiteTeamCountry "GER"]
[BlackTeamCountry "GER"]

1. Nf3 g6 2. d4 Nf6 3. g3 Bg7 4. Bg2 0-0 5. 0-0 d6 6. Nbd2 Nbd7 7. b3 c5 8. e3 Rb8 9. a4 b6 10. Bb2 Bb7 11. Re1 d5 12. c4 e6 13. Ne5 Nxe5 14. dxe5 Nd7 15. f4 Rc8 16. cxd5 exd5 17. Nb1 Nb8 18. Nc3 d4 19. Bxb7 dxc3 20. Bxc3 Rc7 21. Bg2 Rd7 22. Qc2 Qc7 23. Bh3 Rd5 24. e4 Rdd8 25. e6 Bxc3 26. exf7+ Qxf7 27. Qxc3 Nc6 28. Rad1 Nd4 29. Rd3 Nxb3 30. Qxb3 c4 31. Qa2 Rxd3 32. Rc1 Rd4 33. e5 Rfd8 34. Rc2 Kg7 35. e6 Qc7 36. Bg4 Qc5 37. Kg2 Qd5+ 38. Kh3 h5 39. Be2 Qxe6+ 40. Kg2 Qe4+ 41. Kh3 Rc8 42. Qb2 h4 43. Rxc4 Qe6+ 44. Bg4 Qxc4 45. Bxc8 Qxc8+ 46. Kxh4 Qh8+ 47. Kg4 Qh5# 0-1

[Event "Rostock SSC op 18th"]
[Site "Rostock"]
[Date "2019.08.11"]
[Round "7"]
[White "Schmidt, Peter2222"]
[Black "Hodl, Ingolf"]
[Result "1-0"]
[WhiteElo "2116"]
[BlackElo "1920"]
[PlyCount "65"]
[EventDate "2019.08.07"]
[EventType "swiss"]
[EventRounds "7"]
[EventCountry "GER"]
[SourceTitle "EXT 2020"]
[Source "ChessBase"]
[SourceDate "2019.10.17"]
[SourceVersion "1"]
[SourceVersionDate "2019.10.17"]
[SourceQuality "1"]

1. Nf3 Nf6 2. b3 g6 3. Bb2 Bg7 4. g3 d6 5. d4 Nbd7 6. Bg2 c6 7. 0-0 0-0 8. c4 d5 9. Nc3 b6 10. Ne5 Bb7 11. f4 e6 12. Qd3 Rc8 13. e4 Nxe5 14. fxe5 Nxe4 15. Nxe4 dxe4 16. Bxe4 Rc7 17. Rad1 Qe7 18. Rfe1 Rd8 19. Qf3 Rdd7 20. h4 h6 21. h5 gxh5 22. Qxh5 Qg5 23. Qxg5 hxg5 24. Rf1 Rc8 25. Kh2 Rcd8 26. Rde1 Bxe5 27. Bxc6 Bxg3+ 28. Kxg3 Bxc6 29. Kg4 f5+ 30. Kxg5 Be4 31. Kf6 Re8 32. Rg1+ Kf8 33. Ba3+ 1-0

[Event "Rostock SSC op 18th"]
[Site "Rostock"]
[Date "2019.08.10"]
[Round "6"]
[White "Hodl, Ingolf"]
[Black "Hoelss, Manuel"]
[Result "1-0"]
[WhiteElo "1920"]
[BlackElo "1728"]
[PlyCount "97"]
[EventDate "2019.08.07"]
[EventType "swiss"]
[EventRounds "7"]
[EventCountry "GER"]
[SourceTitle "EXT 2020"]
[Source "ChessBase"]
[SourceDate "2019.10.17"]
[SourceVersion "1"]
[SourceVersionDate "2019.10.17"]
[SourceQuality "1"]

1. e4 e5 2. Nf3 Nc6 3. Bb5 Nf6 4. 0-0 Nxe4 5. Re1 Nd6 6. Bxc6 dxc6 7. Nxe5 Be7 8. Qe2 Be6 9. d4 Nf5 10. c3 Qd5 11. Nd3 g5 12. Qe5 0-0-0 13. Qxd5 Rxd5 14. b4 b6 15. Bb2 Rd6 16. Nd2 h5 17. Ne4 Rdd8 18. Ne5 Kb7 19. a4 Nd6 20. b5 cxb5 21. Nxd6+ Bxd6 22. axb5 Bxe5 23. Rxe5 Rd5 24. Rae1 Rhd8 25. Rxd5 Rxd5 26. c4 Rd7 27. d5 Bf5 28. Re3 Kc8 29. Bf6 g4 30. Kf1 Rd6 31. Bh4 Rd7 32. Ke2 Kb7 33. Kd2 a5 34. bxa6+ Kxa6 35. Kc3 Kb7 36. Bg3 Rd8 37. Re5 Bg6 38. Re7 Ra8 39. Rxc7+ Ka6 40. d6 b5 41. Rc6+ Kb7 42. cxb5 Ra1 43. d7 Rd1 44. Rd6 Rc1+ 45. Kd2 Rc2+ 46. Kd1 Kc7 47. d8Q+ Kb7 48. Rb6+ Ka7 49. Qb8# 1-0

[Event "Mecklenburg VP VL1819"]
[Site "Mecklenburg VP"]
[Date "2018.11.11"]
[Round "2.3"]
[White "Hodl, Ingolf"]
[Black "Grahl, Arvid"]
[Result "1-0"]
[WhiteElo "1855"]
[BlackElo "2100"]
[PlyCount "85"]
[EventDate "2018.10.21"]
[EventType "team-tourn"]
[EventRounds "9"]
[EventCountry "GER"]
[SourceTitle "EXT 2022"]
[Source "ChessBase"]
[SourceDate "2021.10.06"]
[SourceVersion "1"]
[SourceVersionDate "2021.10.06"]
[SourceQuality "1"]
[WhiteTeam "Rostock SSC 07"]
[BlackTeam "Schwerin SF II"]
[WhiteTeamCountry "GER"]
[BlackTeamCountry "GER"]

1. g3 g6 2. Bg2 Bg7 3. Nf3 c5 4. d3 Nc6 5. c3 d5 6. Nbd2 e5 7. e4 Nge7 8. 0-0 0-0 9. Re1 d4 10. cxd4 cxd4 11. a4 h6 12. Nc4 Be6 13. b3 a6 14. Ba3 b5 15. Bxe7 Qxe7 16. Nb6 Rab8 17. Nd5 Qb7 18. axb5 axb5 19. Qd2 Ne7 20. Nxe7+ Qxe7 21. b4 Rfc8 22. Rec1 Kh7 23. h4 f6 24. Rxc8 Rxc8 25. Ra5 Qd7 26. Ne1 Rc3 27. f4 Bf8 28. Nc2 Bb3 29. Na3 Bxb4 30. Ra6 Qb7 31. Rxf6 Bxa3 32. fxe5 Qe7 33. Qf4 Rc8 34. h5 Rg8 35. Bh3 Rg7 36. hxg6+ Kg8 37. e6 Bd6 38. e5 Bc5 39. Qxh6 Qc7 40. Qf4 Bd5 41. Rf7 Rxf7 42. gxf7+ Kf8 43. Qh6+ 1-0

[Event "Oberliga Nord N 1617"]
[Site "Germany"]
[Date "2016.12.04"]
[Round "3.8"]
[White "Hodl, Ingolf"]
[Black "Moehrmann, Marcus"]
[Result "0-1"]
[WhiteElo "1999"]
[BlackElo "2069"]
[PlyCount "56"]
[EventDate "2016.10.16"]
[EventType "team-tourn"]
[EventRounds "9"]
[EventCountry "GER"]
[SourceTitle "EXT 2018"]
[Source "ChessBase"]
[SourceDate "2017.10.13"]
[SourceVersion "1"]
[SourceVersionDate "2017.10.13"]
[SourceQuality "1"]
[WhiteTeam "Rostock"]
[BlackTeam "Hamburg Koenigsspringer"]
[WhiteTeamCountry "GER"]
[BlackTeamCountry "GER"]

1. g3 Nf6 2. Bg2 g6 3. Nf3 Bg7 4. 0-0 0-0 5. d3 d5 6. Nbd2 Nbd7 7. e4 dxe4 8. dxe4 e5 9. c3 b6 10. Qc2 Bb7 11. Re1 Re8 12. b4 a5 13. Bb2 c5 14. b5 Qe7 15. Bh3 Rad8 16. Nc4 Bh6 17. Rad1 Nxe4 18. Rxe4 f5 19. Rxe5 Nxe5 20. Nfxe5 Bg7 21. f4 Qe6 22. a4 Bd5 23. Nc6 Bxc6 24. bxc6 Qxc4 25. c7 Rxd1+ 26. Qxd1 Bxc3 27. Bxc3 Qxc3 28. Qd8 Qd4+ 0-1

[Event "Mecklenburg VP VL 1516"]
[Site "Mecklenburg VP"]
[Date "2016.04.24"]
[Round "9.6"]
[White "Hodl, Ingolf"]
[Black "Haase, Sebastian"]
[Result "0-1"]
[WhiteElo "1922"]
[BlackElo "1731"]
[PlyCount "84"]
[EventDate "2015.09.20"]
[EventType "team-tourn"]
[EventRounds "9"]
[EventCountry "GER"]
[SourceTitle "EXT 2022"]
[Source "ChessBase"]
[SourceDate "2021.10.06"]
[SourceVersion "1"]
[SourceVersionDate "2021.10.06"]
[SourceQuality "1"]
[WhiteTeam "Rostock SSC 07 II"]
[BlackTeam "Grevesmuehlen Blau Weiss"]
[WhiteTeamCountry "GER"]
[BlackTeamCountry "GER"]

1. e4 c5 2. Nc3 e6 3. Nf3 a6 4. d4 cxd4 5. Nxd4 Bc5 6. Be3 Ba7 7. Be2 Nc6 8. Nxc6 bxc6 9. Bxa7 Rxa7 10. Qd4 Ra8 11. Qxg7 Qf6 12. Qxf6 Nxf6 13. e5 Nd5 14. Ne4 Ke7 15. 0-0 Rg8 16. Bf3 a5 17. c4 Nf4 18. Rfd1 Ng6 19. Nf6 Rg7 20. Nh5 Rg8 21. Re1 a4 22. Kh1 Ra5 23. Be4 Rxe5 24. Ng3 Ra5 25. Rac1 Rd8 26. c5 Ba6 27. Rc3 Rb8 28. b3 axb3 29. axb3 Ra2 30. Kg1 Rb4 31. Bc2 Rb2 32. Nf5+ Kd8 33. Nd6 Nf4 34. Bd1 Nd3 35. Rf1 Ke7 36. Nc8+ Bxc8 37. Rxd3 Ba6 38. Re3 Bxf1 39. Kxf1 Rd4 40. Bf3 Rdd2 41. Ke1 Rxf2 42. Re4 Rfc2 0-1

[Event "Mecklenburg VP VL 1314"]
[Site "Mecklenburg VP"]
[Date "2014.04.27"]
[Round "9.3"]
[White "Waschk, Armin"]
[Black "Hodl, Ingolf"]
[Result "1-0"]
[WhiteElo "2076"]
[BlackElo "1979"]
[PlyCount "65"]
[EventDate "2013.10.20"]
[EventType "team-tourn"]
[EventRounds "9"]
[EventCountry "GER"]
[SourceTitle "EXT 2022"]
[Source "ChessBase"]
[SourceDate "2021.10.06"]
[SourceVersion "1"]
[SourceVersionDate "2021.10.06"]
[SourceQuality "1"]
[WhiteTeam "Guestrow/Teterow"]
[BlackTeam "Rostock SSC 07 II"]
[WhiteTeamCountry "GER"]
[BlackTeamCountry "GER"]

1. e4 Nf6 2. e5 Nd5 3. d4 d6 4. Nf3 g6 5. Bc4 Nb6 6. Bb3 Bg7 7. Ng5 d5 8. 0-0 h6 9. Nf3 0-0 10. a4 a5 11. Nc3 Bg4 12. h3 Bxf3 13. Qxf3 e6 14. Ne2 Nc6 15. c3 Ne7 16. Bc2 c5 17. Bf4 cxd4 18. cxd4 Rc8 19. Rfc1 Nc6 20. Bd3 Qe7 21. Bd2 Nb4 22. Bb5 Rfd8 23. Qb3 Bf8 24. Rc3 Qh4 25. Rac1 Rxc3 26. bxc3 Nc4 27. Bxc4 dxc4 28. Qxc4 Nc6 29. Qb5 Rd7 30. Be3 Qd8 31. Ng3 Ne7 32. Ne4 Kg7 33. Nf6 1-0

[Event "Mecklenburg VP VL 1314"]
[Site "Mecklenburg VP"]
[Date "2014.04.06"]
[Round "8.3"]
[White "Hodl, Ingolf"]
[Black "Kross, Gunnar"]
[Result "1/2-1/2"]
[WhiteElo "1979"]
[BlackElo "1972"]
[PlyCount "111"]
[EventDate "2013.10.20"]
[EventType "team-tourn"]
[EventRounds "9"]
[EventCountry "GER"]
[SourceTitle "EXT 2022"]
[Source "ChessBase"]
[SourceDate "2021.10.06"]
[SourceVersion "1"]
[SourceVersionDate "2021.10.06"]
[SourceQuality "1"]
[WhiteTeam "Rostock SSC 07 II"]
[BlackTeam "Grevesmuehlen Blau Weiss"]
[WhiteTeamCountry "GER"]
[BlackTeamCountry "GER"]

1. g3 Nf6 2. Bg2 d5 3. Nf3 c5 4. d3 Nc6 5. Nbd2 e5 6. e4 dxe4 7. dxe4 Bg4 8. h3 Bh5 9. c3 Qc7 10. Qc2 Be7 11. 0-0 0-0 12. Nc4 Rad8 13. Bg5 h6 14. Bxf6 Bxf6 15. Ne3 Ne7 16. Rfd1 Bg6 17. c4 Qc6 18. Nh2 Rd4 19. Nf5 Bxf5 20. exf5 Qd7 21. Nf3 Rxd1+ 22. Rxd1 Qc8 23. g4 Nc6 24. Qe4 Rd8 25. Rd2 Nd4 26. Nxd4 cxd4 27. b3 b5 28. Bf1 b4 29. Bd3 Qc5 30. Qb7 Bg5 31. Re2 Bf4 32. Kg2 Kf8 33. Re1 Qe7 34. Qxe7+ Kxe7 35. Kf3 Rd6 36. Re2 Rc6 37. Ke4 Kd6 38. Re1 Kc5 39. Rb1 Ra6 40. Rb2 Ra3 41. Be2 a5 42. Bd1 a4 43. h4 f6 44. Re2 axb3 45. Bxb3 Ra8 46. h5 d3 47. Kxd3 Rd8+ 48. Ke4 Rd4+ 49. Kf3 Rd3+ 50. Ke4 Rd4+ 51. Kf3 Bg5 52. Re4 Rd3+ 53. Kg2 Rd2 54. Kf3 Rd3+ 55. Kg2 Rd2 56. Kf3 1/2-1/2

[Event "Mecklenburg VP VL 1314"]
[Site "Mecklenburg VP"]
[Date "2014.01.19"]
[Round "5.2"]
[White "Helms, Sven"]
[Black "Hodl, Ingolf"]
[Result "1/2-1/2"]
[WhiteElo "1907"]
[BlackElo "1979"]
[PlyCount "149"]
[EventDate "2013.10.20"]
[EventType "team-tourn"]
[EventRounds "9"]
[EventCountry "GER"]
[SourceTitle "EXT 2022"]
[Source "ChessBase"]
[SourceDate "2021.10.06"]
[SourceVersion "1"]
[SourceVersionDate "2021.10.06"]
[SourceQuality "1"]
[WhiteTeam "Schwerin SF III"]
[BlackTeam "Rostock SSC 07 II"]
[WhiteTeamCountry "GER"]
[BlackTeamCountry "GER"]

1. e4 Nf6 2. e5 Nd5 3. c4 Nb6 4. c5 Nd5 5. Bc4 e6 6. Nc3 Nxc3 7. dxc3 Nc6 8. Nf3 Bxc5 9. Bg5 Be7 10. h4 0-0 11. Qe2 a6 12. 0-0-0 Qe8 13. Bxe7 Nxe7 14. Bd3 f5 15. exf6 gxf6 16. g4 d5 17. g5 f5 18. h5 Nc6 19. Ne5 Nxe5 20. Qxe5 Qe7 21. h6 Rf7 22. Rdg1 Qd6 23. Qxd6 cxd6 24. g6 hxg6 25. Rxg6+ Kh7 26. Rhg1 b5 27. Be2 Raa7 28. Bh5 Rac7 29. R6g2 Rf6 30. Bg6+ Kh8 31. Rh2 d4 32. Kd2 dxc3+ 33. bxc3 e5 34. Rg5 Rc4 35. f3 Ra4 36. Kd3 Be6 37. Rd2 Rxa2 38. Rxa2 Bxa2 39. Kc2 Be6 40. Kd2 Bd7 41. Ke3 f4+ 42. Kf2 a5 43. h7 Be6 44. Bc2 a4 45. Rg1 Rh6 46. Kg2 Bb3 47. Bd3 Bc4 48. Bc2 Be6 49. Bd3 a3 50. Rb1 a2 51. Ra1 Rh5 52. Bxb5 Kxh7 53. c4 d5 54. Rxa2 dxc4 55. Ra4 Rg5+ 56. Kf2 e4 57. Bxc4 e3+ 58. Kf1 Bxc4+ 59. Rxc4 Rf5 60. Rc6 Kg7 61. Ke2 Rf6 62. Rc7+ Kg6 63. Re7 Ra6 64. Re8 Ra2+ 65. Kd3 Kf5 66. Rf8+ Ke5 67. Re8+ Kd6 68. Re4 Rd2+ 69. Kc3 Rd5 70. Rxf4 Re5 71. Re4 Rxe4 72. fxe4 Ke5 73. Kd3 Kf4 74. Ke2 Kxe4 75. Ke1 1/2-1/2

[Event "Rostock SSC op 12th"]
[Site "Rostock"]
[Date "2013.08.04"]
[Round "7"]
[White "Hodl, Ingolf"]
[Black "Mangold, Thomas"]
[Result "1/2-1/2"]
[WhiteElo "2062"]
[BlackElo "1884"]
[PlyCount "33"]
[EventDate "2013.07.31"]
[EventType "swiss"]
[EventRounds "7"]
[EventCountry "GER"]
[SourceTitle "EXT 2018"]
[Source "ChessBase"]
[SourceDate "2017.10.13"]
[SourceVersion "1"]
[SourceVersionDate "2017.10.13"]
[SourceQuality "1"]

1. g3 e5 2. Nf3 Nc6 3. d3 Nf6 4. e4 Bc5 5. Bg2 d5 6. Nbd2 dxe4 7. dxe4 0-0 8. 0-0 Bg4 9. c3 Qd3 10. h3 Bh5 11. g4 Bg6 12. Ne1 Qd7 13. Qe2 Rad8 14. Nb3 Bb6 15. Bg5 h6 16. Be3 Bxe3 17. Qxe3 1/2-1/2

[Event "Oberliga Nord N 1213"]
[Site "Germany"]
[Date "2012.10.14"]
[Round "1.6"]
[White "Gottuk, Stefan"]
[Black "Hodl, Ingolf"]
[Result "1-0"]
[WhiteElo "2243"]
[BlackElo "2046"]
[PlyCount "67"]
[EventDate "2012.10.14"]
[EventType "team-tourn"]
[EventRounds "9"]
[EventCountry "GER"]
[SourceTitle "EXT 2015"]
[Source "ChessBase"]
[SourceDate "2014.11.20"]
[SourceVersion "1"]
[SourceVersionDate "2014.11.20"]
[SourceQuality "1"]
[WhiteTeam "Hamburg Diogenes"]
[BlackTeam "Rostock"]
[WhiteTeamCountry "GER"]
[BlackTeamCountry "GER"]

1. e4 Nf6 2. e5 Nd5 3. c4 Nb6 4. b3 g6 5. Qf3 d6 6. Bb2 dxe5 7. Bxe5 f6 8. Bb2 Nc6 9. Qe3 Bg7 10. Na3 0-0 11. Nc2 Bf5 12. 0-0-0 e5 13. Nf3 a5 14. a3 Qe7 15. d4 Bxc2 16. Kxc2 e4 17. d5 exf3 18. dxc6 Qxe3 19. fxe3 fxg2 20. Bxg2 bxc6 21. Bxc6 Rad8 22. c5 Nc8 23. Bc3 Ne7 24. Bd7 a4 25. b4 c6 26. b5 cxb5 27. c6 Kf7 28. Bb4 Rh8 29. c7 Rdg8 30. Bxb5 Rc8 31. Rd7 Rhe8 32. Bc4+ Kf8 33. Ba6 Ra8 34. Bb7 1-0

[Event "Mecklenburg VP VL 1011"]
[Site "Mecklenburg VP"]
[Date "2010.11.14"]
[Round "3.6"]
[White "Oldach, Ehrenfried"]
[Black "Hodl, Ingolf"]
[Result "0-1"]
[WhiteElo "1986"]
[BlackElo "1994"]
[PlyCount "96"]
[EventDate "2010.10.10"]
[EventType "team-tourn"]
[EventRounds "9"]
[EventCountry "GER"]
[SourceTitle "EXT 2022"]
[Source "ChessBase"]
[SourceDate "2021.10.06"]
[SourceVersion "1"]
[SourceVersionDate "2021.10.06"]
[SourceQuality "1"]
[WhiteTeam "Warnemuende SF Ostsee"]
[BlackTeam "Rostock SSC 07 II"]
[WhiteTeamCountry "GER"]
[BlackTeamCountry "GER"]

1. e4 Nf6 2. e5 Nd5 3. d4 d6 4. Nf3 g6 5. c4 Nb6 6. Be2 Bg7 7. exd6 cxd6 8. 0-0 0-0 9. Nc3 Nc6 10. Be3 Bg4 11. b3 d5 12. c5 Nc8 13. Rc1 e6 14. a3 N8e7 15. Nh4 Bxe2 16. Nxe2 e5 17. dxe5 Nxe5 18. Nd4 N7c6 19. Nhf3 Nxf3+ 20. Nxf3 d4 21. Bd2 Qd5 22. b4 Rac8 23. b5 Ne5 24. Nxe5 Bxe5 25. Bb4 Rfd8 26. f4 Bg7 27. Qf3 d3 28. Qxd5 Rxd5 29. Rfd1 Bd4+ 30. Kf1 Bxc5 31. Rc3 b6 32. a4 Rd4 33. Bxc5 Rxf4+ 34. Ke1 Rxc5 35. Rxc5 bxc5 36. Rxd3 Rxa4 37. Rc3 c4 38. Ke2 Rb4 39. Ra3 Rxb5 40. Rxa7 Rb2+ 41. Kf3 c3 42. Rc7 Rc2 43. h3 Rc1 44. Ke3 Kg7 45. Rc4 h5 46. h4 c2 47. Kd3 Rd1+ 48. Kxc2 Rg1 0-1

[Event "Mecklenburg VP VL 1011"]
[Site "Mecklenburg VP"]
[Date "2010.10.10"]
[Round "1.5"]
[White "Hodl, Ingolf"]
[Black "Markovych, Illya"]
[Result "1-0"]
[WhiteElo "1994"]
[BlackElo "1779"]
[PlyCount "47"]
[EventDate "2010.10.10"]
[EventType "team-tourn"]
[EventRounds "9"]
[EventCountry "GER"]
[SourceTitle "EXT 2022"]
[Source "ChessBase"]
[SourceDate "2021.10.06"]
[SourceVersion "1"]
[SourceVersionDate "2021.10.06"]
[SourceQuality "1"]
[WhiteTeam "Rostock SSC 07 II"]
[BlackTeam "Rostock HSG Uni"]
[WhiteTeamCountry "GER"]
[BlackTeamCountry "GER"]

1. e4 e6 2. d3 d5 3. Nd2 f5 4. Qe2 Be7 5. Ngf3 Nf6 6. g3 0-0 7. Bg2 c5 8. 0-0 Nc6 9. c3 b6 10. e5 Nd7 11. d4 cxd4 12. cxd4 Nb4 13. Qd1 Ba6 14. Re1 Bd3 15. Re3 Bc2 16. Qf1 f4 17. Rc3 Bg6 18. a3 Nc2 19. Ra2 Rc8 20. Bh3 Kf7 21. gxf4 Nb8 22. f5 exf5 23. Qd3 f4 24. Bf5 1-0

[Event "Mecklenburg VP LL 0910"]
[Site "Mecklenburg VP"]
[Date "2010.01.24"]
[Round "5.3"]
[White "Hubert, Peter"]
[Black "Hodl, Ingolf"]
[Result "1-0"]
[WhiteElo "1969"]
[BlackElo "1970"]
[PlyCount "133"]
[EventDate "2009.10.18"]
[EventType "team-tourn"]
[EventRounds "9"]
[EventCountry "GER"]
[SourceTitle "EXT 2016"]
[Source "ChessBase"]
[SourceDate "2015.10.08"]
[SourceVersion "1"]
[SourceVersionDate "2015.10.08"]
[SourceQuality "1"]
[WhiteTeam "Stralsund FHSG"]
[BlackTeam "Rostock SSC 07 II"]
[WhiteTeamCountry "GER"]
[BlackTeamCountry "GER"]

1. Nf3 g6 2. d4 Bg7 3. c4 Nf6 4. Nc3 d6 5. g3 0-0 6. Bg2 Nbd7 7. 0-0 c6 8. Qc2 e5 9. dxe5 dxe5 10. b3 Re8 11. Rd1 Qc7 12. h3 a5 13. Be3 b6 14. Ng5 Ba6 15. Rac1 Rad8 16. Na4 Bf8 17. Ne4 Nxe4 18. Qxe4 Bb7 19. g4 Rb8 20. g5 c5 21. Qg4 Bxg2 22. Rxd7 Qc6 23. f3 h5 24. gxh6 f5 25. Qxg2 Qxd7 26. Qxg6+ Kh8 27. Qf6+ Kh7 28. Nxb6 Qe6 29. Nd5 f4 30. Bf2 Bxh6 31. Bxc5 Rg8+ 32. Kh2 Rg6 33. Qxe6 Rxe6 34. Nc3 Rg8 35. Rg1 Rxg1 36. Kxg1 Rc6 37. Be7 Kg6 38. Bd8 Ra6 39. Kf2 Bf8 40. Bc7 Bc5+ 41. Ke1 Bb4 42. Kd2 Kf5 43. Kd3 Rh6 44. Ne4 Rxh3 45. a3 Bxa3 46. Bxa5 Rh1 47. Bc3 Be7 48. b4 Ke6 49. c5 Kd5 50. Bd2 Kc6 51. Kc4 Rh8 52. b5+ Kc7 53. Bc3 Rh5 54. Kd5 Bxc5 55. Kxc5 Kb7 56. b6 Rh2 57. Nd6+ Kb8 58. Bxe5 Rxe2 59. Bxf4 Rc2+ 60. Kd5 Ra2 61. Kc6 Ra6 62. Be5 Ka8 63. f4 Ra2 64. b7+ Ka7 65. Nb5+ Ka6 66. b8Q Rc2+ 67. Bc3 1-0